LIBRARY & INFORMATION CENTRE, KCAET, TAVANUR

ONLINE PUBLIC ACCESS CATALOGUE (OPAC)

Climate change and agriculture (Record no. 14624)

MARC details
000 -LEADER
fixed length control field 00353nam a2200133Ia 4500
020 ## - INTERNATIONAL STANDARD BOOK NUMBER
ISBN 9788176222334
082 ## - DEWEY DECIMAL CLASSIFICATION NUMBER
Classification number 551.6
Item number BIS/CL
245 ## - TITLE STATEMENT
Title Climate change and agriculture
260 ## - PUBLICATION, DISTRIBUTION, ETC. (IMPRINT)
Place of publication Newdelhi
Name of publisher Biotech Books
Year of publication 2012
300 ## - PHYSICAL DESCRIPTION
Number of Pages 331
650 ## - SUBJECT ADDED ENTRY--TOPICAL TERM
Topical Term Emerging scenarios and adaptation strategies
700 ## - ADDED ENTRY--PERSONAL NAME
Personal name Bisht,B S et al.
942 ## - ADDED ENTRY ELEMENTS (KOHA)
Koha item type Books
Holdings
Withdrawn status Lost status Damaged status Collection code Home library Current library Shelving location Date acquired Cost, normal purchase price Full call number Accession Number Koha item type
        KAUAET KAUAET General Stacks 21/07/2016 1050.00 551.6 BIS/CL 24277 Books
free website counter